[Event "Lovsprings op 06th C"]
[Site "Ringsted"]
[Date "1994.05.01"]
[Round "5"]
[White "Hede, Kim Nygaard"]
[Black "Sorensen, Rasmus Moller"]
[Result "0-1"]
[WhiteElo "1680"]
[BlackElo "1579"]
[PlyCount "46"]
[EventDate "1994.03.27"]
[EventType "swiss"]
[EventRounds "7"]
[EventCountry "DEN"]
[SourceTitle "EXT 2023"]
[Source "ChessBase"]
[SourceDate "2022.10.05"]
[SourceVersion "1"]
[SourceVersionDate "2022.10.05"]
[SourceQuality "1"]

1. d4 f5 2. e4 fxe4 3. Nc3 Nf6 4. Bg5 d6 5. Bxf6 exf6 6. f3 exf3 7. Qxf3 Qe7+ 8. Kd2 Kd8 9. Re1 Qf7 10. Qe4 c6 11. d5 c5 12. Nf3 Nd7 13. Bb5 a6 14. Qa4 Kc7 15. Bd3 g6 16. Qf4 Ne5 17. Nxe5 dxe5 18. Qa4 Bd7 19. Qh4 Be7 20. Bc4 Qf8 21. Rhf1 f5 22. Qg3 Qh6+ 23. Qe3 Qg5 0-1